000 00706nam a2200241Ia 4500
003 OSt
005 20220926024743.0
006 a|||||r|||| 00| 0
007 ta
008 220923b |||||||| |||| 00| 0 eng d
020 _a019828439X
037 _cGeneral Book
040 _aRTL
_cRTL
_beng
041 _2eng
_aeng
082 _aX:54.30j73.N49<--N42, M2
100 _aClarke Richard
_9331396
245 0 _aAnglo -American econmic collaboration in war and p
260 _aOxford
_bClarendon Press
_c1982
300 _axxiii,215p. Bib p 211-15
_ccm.
650 _aExport
942 _hX:54.30j73.N49<--N42, M2
_cGB
_2CC
999 _c645390
_d645390